[Event "St Petersburg Chigorin CC-ch"]
[Site "St Petersburg"]
[Date "2009.05.29"]
[Round "9"]
[White "Sivokho, Sergey V"]
[Black "Butylkin, Alexey"]
[Result "1-0"]
[WhiteElo "2472"]
[BlackElo "2204"]
[PlyCount "93"]
[EventDate "2009.05.19"]
[EventType "swiss"]
[EventRounds "9"]
[EventCountry "RUS"]
[SourceTitle "CBM 130 Extra"]
[Source "ChessBase"]
[SourceDate "2009.07.02"]
[SourceVersion "2"]
[SourceVersionDate "2009.07.15"]
[SourceQuality "1"]

1. e4 c5 2. Nf3 d6 3. d4 cxd4 4. Nxd4 Nf6 5. Nc3 Nc6 6. Bc4 Qb6 7. Nxc6 bxc6 8. Qe2 Nd7 9. b3 Ne5 10. Na4 Qb7 11. 0-0 Nxc4 12. Qxc4 e5 13. f4 Be6 14. Qc3 f6 15. Ba3 exf4 16. Rad1 Rd8 17. Qd2 Be7 18. Qxf4 c5 19. Nc3 0-0 20. Nd5 f5 21. Bb2 Rf7 22. Qg3 c4 23. Nf4 Bc8 24. Nh5 Bf8 25. Nf6+ Kh8 26. Nxh7 Be7 27. Ng5 Bxg5 28. Qxg5 Rdf8 29. Rxd6 Qc7 30. Qd2 Kg8 31. e5 Re8 32. b4 Be6 33. Bc3 Qb7 34. a4 Qe7 35. b5 Qb7 36. Rf4 g5 37. Rfd4 f4 38. Rd8 Rxd8 39. Rxd8+ Kg7 40. Rd6 Qe7 41. Ba5 g4 42. Bd8 Qe8 43. Bf6+ Rxf6 44. exf6+ Kg6 45. Qxf4 Kf7 46. Qh6 Qg8 47. Qg7+ 1-0

[Event "St Petersburg Chigorin CC-ch"]
[Site "St Petersburg"]
[Date "2009.05.28"]
[Round "8"]
[White "Butylkin, Alexey"]
[Black "Shagiakhmetov, Artem"]
[Result "1-0"]
[WhiteElo "2204"]
[BlackElo "2084"]
[PlyCount "43"]
[EventDate "2009.05.19"]
[EventType "swiss"]
[EventRounds "9"]
[EventCountry "RUS"]
[SourceTitle "CBM 130 Extra"]
[Source "ChessBase"]
[SourceDate "2009.07.02"]
[SourceVersion "2"]
[SourceVersionDate "2009.07.15"]
[SourceQuality "1"]

1. e4 c5 2. c3 d5 3. exd5 Qxd5 4. d4 Nf6 5. Nf3 Bg4 6. Be2 e6 7. h3 Bh5 8. 0-0 Be7 9. Be3 cxd4 10. cxd4 0-0 11. Nc3 Qd8 12. Qb3 b6 13. d5 Nxd5 14. Rfd1 Nxc3 15. Rxd8 Nxe2+ 16. Kf1 Rxd8 17. Kxe2 Nc6 18. Rd1 Bf6 19. Rxd8+ Rxd8 20. Qa4 Nd4+ 21. Bxd4 Bxd4 22. g4 1-0

[Event "St Petersburg Chigorin CC-ch"]
[Site "St Petersburg"]
[Date "2009.05.25"]
[Round "6"]
[White "Butylkin, Alexey"]
[Black "Solovyov, Viktor"]
[Result "0-1"]
[WhiteElo "2204"]
[BlackElo "2127"]
[PlyCount "82"]
[EventDate "2009.05.19"]
[EventType "swiss"]
[EventRounds "9"]
[EventCountry "RUS"]
[SourceTitle "CBM 130 Extra"]
[Source "ChessBase"]
[SourceDate "2009.07.02"]
[SourceVersion "2"]
[SourceVersionDate "2009.07.15"]
[SourceQuality "1"]

1. e4 e5 2. Nc3 Nf6 3. Nf3 Nc6 4. d4 exd4 5. Nxd4 d6 6. Nxc6 bxc6 7. Bc4 Be7 8. 0-0 0-0 9. Qd3 Nd7 10. f4 Nc5 11. Qg3 Re8 12. Be3 Be6 13. Bb3 Nxb3 14. axb3 f5 15. Rad1 Bh4 16. Qh3 fxe4 17. g4 Bd7 18. Qg2 Bf6 19. Nxe4 Bxb2 20. Rd3 d5 21. Nf2 Bf6 22. Qf3 a5 23. Rfd1 Be6 24. Nh3 a4 25. bxa4 Rxa4 26. f5 Bc8 27. g5 Be7 28. g6 hxg6 29. fxg6 Rg4+ 30. Kh1 Rf8 31. Qe2 Rxg6 32. Nf4 Rg4 33. Nh5 Qe8 34. Ng3 Bd6 35. Rg1 Qg6 36. Rd4 Bxg3 37. Rxg3 Rxg3 38. hxg3 Qxg3 39. Bg1 Bf5 40. Qh2 Be4+ 41. Rxe4 Qf3+ 0-1

[Event "St Petersburg Chigorin CC-ch"]
[Site "St Petersburg"]
[Date "2009.05.24"]
[Round "5"]
[White "Shchukin, Dmitry"]
[Black "Butylkin, Alexey"]
[Result "1/2-1/2"]
[WhiteElo "2363"]
[BlackElo "2204"]
[PlyCount "176"]
[EventDate "2009.05.19"]
[EventType "swiss"]
[EventRounds "9"]
[EventCountry "RUS"]
[SourceTitle "CBM 130 Extra"]
[Source "ChessBase"]
[SourceDate "2009.07.02"]
[SourceVersion "2"]
[SourceVersionDate "2009.07.15"]
[SourceQuality "1"]

1. e4 c5 2. Nf3 d6 3. d4 cxd4 4. Nxd4 Nf6 5. Nc3 Nc6 6. f4 g6 7. Nf3 Bg7 8. Bd3 0-0 9. 0-0 d5 10. e5 Ng4 11. Qe1 f6 12. h3 fxe5 13. hxg4 e4 14. Nxe4 dxe4 15. Qxe4 Bxg4 16. Ng5 Qd4+ 17. Be3 Qxe4 18. Bxe4 Rad8 19. c3 Rd7 20. Bc2 e6 21. Bd1 Bxd1 22. Raxd1 Rfd8 23. Rxd7 Rxd7 24. Nxe6 Re7 25. f5 gxf5 26. Nxg7 Kxg7 27. Kf2 Rd7 28. Ke2 Kg6 29. a4 a6 30. b4 Ne5 31. Bd4 Nc4 32. b5 axb5 33. axb5 Rd5 34. b6 Rb5 35. Kd3 Nxb6 36. g4 Nd7 37. c4 Ra5 38. gxf5+ Rxf5 39. Rg1+ Rg5 40. Rb1 Rg3+ 41. Ke4 Rg4+ 42. Kd5 Rg5+ 43. Kd6 Rg4 44. Kd5 b6 45. Rd1 h5 46. Kc6 Nf8 47. Kb5 Nd7 48. Kc6 Nf8 49. Kb5 Nd7 50. Ba1 Rg5+ 51. Kc6 Rc5+ 52. Kxd7 Rxc4 53. Rd6+ Kf5 54. Rxb6 Re4 55. Rh6 Kg4 56. Bf6 Re2 57. Kd6 Re1 58. Rh7 Re2 59. Kd5 Re8 60. Be7 Ra8 61. Rg7+ Kf4 62. Kd4 Kf3 63. Rf7+ Kg4 64. Ke4 Ra5 65. Rg7+ Kh3 66. Bd6 Ra4+ 67. Kf3 Rg4 68. Rh7 h4 69. Rc7 Rd4 70. Bf4 Rd3+ 71. Be3 Ra3 72. Rc4 Rb3 73. Rc1 Kh2 74. Re1 Ra3 75. Re2+ Kh3 76. Rd2 Rb3 77. Ra2 Rc3 78. Kf2 Kg4 79. Ra4+ Kh3 80. Bg5 Rc2+ 81. Kf1 Kg3 82. Bxh4+ Kf3 83. Ra3+ Kg4 84. Bf2 Kf4 85. Kg2 Rc4 86. Rh3 Kf5 87. Be3 Ke4 88. Bf2 Rc8 1/2-1/2

[Event "St Petersburg Chigorin CC-ch"]
[Site "St Petersburg"]
[Date "2009.05.20"]
[Round "2"]
[White "Butylkin, Alexey"]
[Black "Airumian, Sergei"]
[Result "0-1"]
[WhiteElo "2204"]
[BlackElo "2047"]
[PlyCount "66"]
[EventDate "2009.05.19"]
[EventType "swiss"]
[EventRounds "9"]
[EventCountry "RUS"]
[SourceTitle "CBM 130 Extra"]
[Source "ChessBase"]
[SourceDate "2009.07.02"]
[SourceVersion "2"]
[SourceVersionDate "2009.07.15"]
[SourceQuality "1"]

1. e4 c5 2. c3 d5 3. exd5 Qxd5 4. d4 Nc6 5. Nf3 Bg4 6. Be2 cxd4 7. cxd4 e6 8. 0-0 Nf6 9. h3 Bh5 10. Nc3 Qd7 11. Be3 Be7 12. Qb3 0-0 13. Rad1 Rad8 14. Ne5 Qc8 15. Bxh5 Nxh5 16. Qa4 a6 17. Rc1 f5 18. Ne2 f4 19. Bd2 Qb8 20. Nxc6 bxc6 21. Qxc6 Rd6 22. Qc7 Qe8 23. Qb7 f3 24. gxf3 Rd5 25. Kh1 Rxf3 26. Rc8 Bd8 27. Kg2 Rdf5 28. Kg1 Rf7 29. Qa8 Rf8 30. Ng3 Qg6 31. Kh1 Nxg3+ 32. fxg3 Qxg3 33. Rxd8 Qxh3+ 0-1

[Event "St Petersburg White Nights op"]
[Site "St Petersburg"]
[Date "2007.07.01"]
[Round "7"]
[White "Gaprindashvili, Nona1111"]
[Black "Butylkin, Alexey"]
[Result "0-1"]
[WhiteElo "2043"]
[BlackElo "2219"]
[PlyCount "78"]
[EventDate "2007.06.25"]
[EventType "swiss"]
[EventRounds "9"]
[EventCountry "RUS"]
[SourceTitle "CBM 119 Extra"]
[Source "ChessBase"]
[SourceDate "2007.09.04"]
[SourceVersion "1"]
[SourceVersionDate "2007.09.04"]
[SourceQuality "1"]

1. c4 f5 2. g3 Nf6 3. Nf3 g6 4. d4 Bg7 5. Bg2 d6 6. 0-0 0-0 7. b3 c6 8. Bb2 Qe8 9. Qc2 h6 10. Nbd2 g5 11. Rfe1 Qg6 12. Rad1 Na6 13. a3 Kh8 14. Nb1 Bd7 15. Nc3 Rae8 16. b4 Nc7 17. a4 a6 18. a5 Be6 19. Na4 Qf7 20. Nb6 Ne4 21. Nd2 d5 22. c5 Nxd2 23. Qxd2 f4 24. f3 h5 25. Kf2 Qg6 26. e3 Bh6 27. Rh1 Rf6 28. Kg1 g4 29. exf4 gxf3 30. Bxf3 Rxf4 31. Qg2 Rf6 32. Qe2 Rf5 33. Kg2 Ref8 34. Rdf1 h4 35. g4 Rxf3 36. Rxf3 Rxf3 37. Qxf3 Bxg4 38. Qc3 Qe4+ 39. Kg1 Be3+ 0-1

[Event "St Petersburg-ch qual"]
[Site "St Petersburg"]
[Date "2006.12.15"]
[Round "9"]
[White "Butylkin, Alexey"]
[Black "Savinov, Leonid"]
[Result "1-0"]
[WhiteElo "2174"]
[BlackElo "2156"]
[PlyCount "63"]
[EventDate "2006.11.27"]
[EventType "swiss"]
[EventRounds "10"]
[EventCountry "RUS"]
[SourceTitle "EXT 2008"]
[Source "ChessBase"]
[SourceDate "2007.11.25"]
[SourceVersion "1"]
[SourceVersionDate "2007.11.25"]
[SourceQuality "1"]

1. e4 c5 2. c3 Nf6 3. e5 Nd5 4. Nf3 e6 5. Bc4 Nc6 6. 0-0 Nb6 7. Bb3 d6 8. d4 dxe5 9. dxe5 Be7 10. Qe2 Qc7 11. Na3 a6 12. Bf4 Na5 13. Bc2 c4 14. Nb1 Nd5 15. Bg3 b5 16. Nbd2 Bb7 17. a3 Nc6 18. Ne4 0-0-0 19. a4 Qb6 20. axb5 axb5 21. b3 cxb3 22. Bxb3 Nc7 23. Rfb1 Rd7 24. Nd6+ Bxd6 25. exd6 Na6 26. Bc4 Nab8 27. Rxb5 Qd8 28. Rab1 Na7 29. Rxb7 Rxb7 30. Ba6 Nxa6 31. Qxa6 Qa5 32. Qxb7+ 1-0

[Event "St Petersburg-ch qual"]
[Site "St Petersburg"]
[Date "2006.12.13"]
[Round "8"]
[White "Shapiro, Viktor"]
[Black "Butylkin, Alexey"]
[Result "0-1"]
[WhiteElo "2249"]
[BlackElo "2174"]
[PlyCount "66"]
[EventDate "2006.11.27"]
[EventType "swiss"]
[EventRounds "10"]
[EventCountry "RUS"]
[SourceTitle "EXT 2008"]
[Source "ChessBase"]
[SourceDate "2007.11.25"]
[SourceVersion "1"]
[SourceVersionDate "2007.11.25"]
[SourceQuality "1"]

1. c4 f5 2. Nc3 Nf6 3. g3 g6 4. Bg2 Bg7 5. d3 d6 6. Nh3 c6 7. Rb1 a5 8. a3 0-0 9. b4 axb4 10. axb4 Kh8 11. Qb3 e5 12. b5 h6 13. 0-0 g5 14. f4 exf4 15. gxf4 g4 16. Nf2 Nh5 17. e3 g3 18. hxg3 Nxg3 19. Rd1 Nh5 20. Ne2 Qe8 21. e4 Qg6 22. Kf1 cxb5 23. Qxb5 Nc6 24. Bb2 Ra5 25. Qb6 Ra2 26. Bxg7+ Qxg7 27. Qe3 Rg8 28. Bh1 Be6 29. exf5 Bxf5 30. Bd5 Rf8 31. Ne4 Nxf4 32. N4g3 Bxd3 33. Bf3 Qxg3 0-1

[Event "St Petersburg-ch qual"]
[Site "St Petersburg"]
[Date "2006.12.06"]
[Round "5"]
[White "Sinajskij, Anatolij"]
[Black "Butylkin, Alexey"]
[Result "0-1"]
[WhiteElo "2114"]
[BlackElo "2174"]
[PlyCount "90"]
[EventDate "2006.11.27"]
[EventType "swiss"]
[EventRounds "10"]
[EventCountry "RUS"]
[SourceTitle "EXT 2008"]
[Source "ChessBase"]
[SourceDate "2007.11.25"]
[SourceVersion "1"]
[SourceVersionDate "2007.11.25"]
[SourceQuality "1"]

1. d4 d5 2. Nf3 c6 3. c4 Nf6 4. Nc3 e6 5. Bg5 h6 6. Bh4 dxc4 7. e4 g5 8. Bg3 b5 9. h4 g4 10. Ne5 b4 11. Na4 Nxe4 12. Bxc4 Nxg3 13. fxg3 Nd7 14. Nxd7 Bxd7 15. Qxg4 Qa5 16. b3 0-0-0 17. Qf4 e5 18. Qxf7 exd4 19. 0-0 Bd6 20. Be6 Qe5 21. Bxd7+ Rxd7 22. Qf4 Rg8 23. Qxe5 Bxe5 24. Nc5 Rdg7 25. Rae1 Bxg3 26. Re4 Bd6 27. Rf5 Rxg2+ 28. Kf1 Rg1+ 29. Ke2 R8g2+ 30. Kd3 Rd1+ 31. Kc4 Rc2+ 32. Kxb4 a5+ 33. Kxa5 Rxc5+ 34. Rxc5 Bxc5 35. b4 Bd6 36. Kb6 Kd7 37. a4 Bxb4 38. a5 Kd6 39. Rf4 Bc5+ 40. Ka6 Re1 41. Rf3 Re7 42. Rf6+ Kd5 43. Rf5+ Kc4 44. Rxc5+ Kxc5 45. h5 Re8 0-1

[Event "St Petersburg-ch qual"]
[Site "St Petersburg"]
[Date "2006.12.01"]
[Round "3"]
[White "Kobzar, Alexandr"]
[Black "Butylkin, Alexey"]
[Result "0-1"]
[WhiteElo "2092"]
[BlackElo "2174"]
[PlyCount "86"]
[EventDate "2006.11.27"]
[EventType "swiss"]
[EventRounds "10"]
[EventCountry "RUS"]
[SourceTitle "EXT 2008"]
[Source "ChessBase"]
[SourceDate "2007.11.25"]
[SourceVersion "1"]
[SourceVersionDate "2007.11.25"]
[SourceQuality "1"]

1. e4 c5 2. f4 d5 3. exd5 Nf6 4. Bb5+ Nbd7 5. c4 a6 6. Bxd7+ Bxd7 7. Nf3 e6 8. Qe2 Bd6 9. dxe6 fxe6 10. Ne5 0-0 11. 0-0 Be8 12. Nc3 Bh5 13. Qe1 Bxe5 14. Qxe5 Qd4+ 15. Qxd4 cxd4 16. Na4 Rac8 17. b3 b5 18. Nb2 Be2 19. Re1 d3 20. a4 Ne4 21. cxb5 axb5 22. axb5 Rxf4 23. Nc4 Rf5 24. b6 Rb5 25. Ra7 Rxb3 26. Rc7 Rb8 27. Rc6 Kf7 28. Rc7+ Kg6 29. g4 Rb5 30. h4 h5 31. Bb2 Rxb2 32. Nxb2 Rxb6 33. Nc4 Rb5 34. Ra1 hxg4 35. Rc6 Kf5 36. Nd6+ Nxd6 37. Rxd6 Rb2 38. Ra5+ Kf4 39. Kf2 g3+ 40. Kg2 Bf3+ 41. Kh3 Bg4+ 42. Kg2 Rxd2+ 43. Kg1 Rd1+ 0-1

[Event "Chigorin Memorial-B 14th"]
[Site "St Petersburg"]
[Date "2006.10.29"]
[Round "8"]
[White "Butylkin, Alexey"]
[Black "Nemtzev, Igor"]
[Result "0-1"]
[WhiteElo "2174"]
[BlackElo "2292"]
[PlyCount "74"]
[EventDate "2006.10.23"]
[EventType "swiss"]
[EventRounds "9"]
[EventCountry "RUS"]
[SourceTitle "EXT 2007"]
[Source "ChessBase"]
[SourceDate "2006.11.23"]
[SourceVersion "1"]
[SourceVersionDate "2006.11.23"]
[SourceQuality "1"]

1. e4 c5 2. c3 e6 3. d4 d5 4. exd5 exd5 5. Nf3 Nc6 6. Be2 Bd6 7. dxc5 Bxc5 8. Nbd2 Nge7 9. Nb3 Bb6 10. 0-0 0-0 11. Re1 Nf5 12. Bf4 a5 13. a4 h6 14. Qd2 Be6 15. Bb5 Nd6 16. Bxd6 Qxd6 17. Nbd4 Bd7 18. Bf1 Qf6 19. Nb5 Be6 20. Rad1 Rad8 21. Nbd4 Bg4 22. Be2 Rfe8 23. h3 Bh5 24. Nxc6 bxc6 25. Nd4 Bg6 26. Bf3 Bc7 27. Rxe8+ Rxe8 28. c4 dxc4 29. Nxc6 Re6 30. Nd4 Rd6 31. Qc3 Bb6 32. Nb5 Rxd1+ 33. Bxd1 Qxf2+ 34. Kh2 Qg1+ 35. Kg3 Qxd1 36. Qxc4 Qe1+ 37. Kg4 h5+ 0-1

[Event "St Petersburg Chigorin CC-ch"]
[Site "St Petersburg"]
[Date "2005.05.23"]
[Round "7"]
[White "Butylkin, Alexey"]
[Black "Golovankov, Vladimir"]
[Result "0-1"]
[WhiteElo "2181"]
[BlackElo "2321"]
[PlyCount "130"]
[EventDate "2005.05.16"]
[EventType "swiss"]
[EventRounds "9"]
[EventCountry "RUS"]
[SourceTitle "EXT 2006"]
[Source "ChessBase"]
[SourceDate "2005.11.24"]
[SourceVersion "1"]
[SourceVersionDate "2005.11.24"]
[SourceQuality "1"]

1. d4 d6 2. c4 Nf6 3. Nc3 Nbd7 4. Nf3 e5 5. e4 Be7 6. Be2 0-0 7. 0-0 c6 8. Re1 Re8 9. Bg5 h6 10. Bxf6 Bxf6 11. d5 c5 12. a3 a5 13. Nb5 Be7 14. b3 Nf8 15. Nd2 Ng6 16. Bg4 Rf8 17. Nf1 Nf4 18. g3 Nh3+ 19. Kg2 Ng5 20. h4 Nh7 21. Bxc8 Qxc8 22. Ne3 g6 23. h5 Nf6 24. hxg6 fxg6 25. f3 Qd7 26. Qd2 Kg7 27. Rh1 Rh8 28. Rh2 b6 29. Rah1 h5 30. Rf1 Raf8 31. Nd1 h4 32. gxh4 Nxe4 33. Qe3 Nf6 34. Nf2 Nh5 35. Rfh1 a4 36. bxa4 Rf4 37. Ne4 Nf6 38. Ng5 Ng4 39. Qxf4 exf4 40. Ne6+ Qxe6 41. dxe6 Nxh2 42. Rxh2 Kf6 43. Nc7 Bd8 44. Nd5+ Kxe6 45. Nxf4+ Kf5 46. Nd5 Ke5 47. f4+ Kd4 48. f5 gxf5 49. h5 Kxc4 50. Ne3+ Kb3 51. Nxf5 d5 52. h6 d4 53. Rh3+ Kxa4 54. h7 Bf6 55. Nd6 Rd8 56. Ne4 Bh8 57. Nd2 b5 58. Kf1 c4 59. Ke2 d3+ 60. Kd1 Kxa3 61. Ne4 b4 62. Kc1 c3 63. Nf2 d2+ 64. Kd1 b3 65. Nd3 b2 0-1

[Event "St Petersburg Chigorin CC-ch"]
[Site "St Petersburg"]
[Date "2005.05.18"]
[Round "3"]
[White "Turikov, Viktor"]
[Black "Butylkin, Alexey"]
[Result "1-0"]
[WhiteElo "2358"]
[BlackElo "2181"]
[PlyCount "117"]
[EventDate "2005.05.16"]
[EventType "swiss"]
[EventRounds "9"]
[EventCountry "RUS"]
[SourceTitle "EXT 2006"]
[Source "ChessBase"]
[SourceDate "2005.11.24"]
[SourceVersion "1"]
[SourceVersionDate "2005.11.24"]
[SourceQuality "1"]

1. e3 d5 2. Nf3 Nf6 3. c4 c6 4. b3 g6 5. Bb2 Bg7 6. Be2 0-0 7. 0-0 Nbd7 8. Qc2 Re8 9. d4 Ne4 10. Nc3 Ndf6 11. Bd3 Nxc3 12. Bxc3 Be6 13. a4 Rc8 14. c5 Ne4 15. b4 f5 16. Ne5 Bxe5 17. dxe5 Nxc3 18. Qxc3 Rf8 19. Qd4 Qc7 20. Rfc1 Rb8 21. h3 Rfc8 22. f4 Bf7 23. Kf2 e6 24. g4 Qe7 25. Kg3 Kh8 26. g5 h6 27. gxh6 Kh7 28. h4 Kxh6 29. Be2 Kg7 30. Rh1 Rh8 31. Rh2 Rh7 32. Bf3 Rbh8 33. Rah1 Qd8 34. Qc3 Be8 35. Qd2 Qe7 36. Qd1 Bf7 37. Qe1 a5 38. Qc3 axb4 39. Qxb4 Be8 40. Qb6 Bf7 41. a5 Ra8 42. Be2 Be8 43. Rb1 Kf8 44. Rhh1 Kg8 45. Ra1 Kf8 46. Kg2 Kg8 47. Rh3 Kf8 48. Rah1 Kg8 49. Kf2 Kf8 50. h5 gxh5 51. a6 bxa6 52. Bxh5 Rxh5 53. Rxh5 Bxh5 54. Rxh5 Kg7 55. Qxc6 Rb8 56. Qd6 Rb7 57. Qxa6 Rc7 58. Qa8 Kg6 59. Rg5+ 1-0

[Event "St Petersburg Chigorin CC-ch"]
[Site "St Petersburg"]
[Date "2005.05.17"]
[Round "2"]
[White "Butylkin, Alexey"]
[Black "Gavrilov, Oleg"]
[Result "1/2-1/2"]
[WhiteElo "2181"]
[BlackElo "2314"]
[PlyCount "83"]
[EventDate "2005.05.16"]
[EventType "swiss"]
[EventRounds "9"]
[EventCountry "RUS"]
[SourceTitle "EXT 2006"]
[Source "ChessBase"]
[SourceDate "2005.11.24"]
[SourceVersion "1"]
[SourceVersionDate "2005.11.24"]
[SourceQuality "1"]

1. d4 d5 2. c4 c6 3. cxd5 cxd5 4. Nc3 Nc6 5. Nf3 Nf6 6. Bf4 a6 7. e3 Bg4 8. Be2 e6 9. 0-0 Be7 10. Rc1 Nh5 11. Be5 f5 12. Na4 Bxf3 13. Bxf3 Nf6 14. Bxf6 gxf6 15. Bh5+ Kf8 16. Qb3 Rb8 17. Qb6 Bd6 18. Qxd8+ Rxd8 19. f4 Ke7 20. Nb6 Bb4 21. Rfd1 Bd6 22. Be2 Nb8 23. a3 Nd7 24. Nxd7 Kxd7 25. Kf2 Rhg8 26. Bf3 Rc8 27. Ke2 Rc4 28. Rxc4 dxc4 29. Bxb7 Rb8 30. Bxa6 Rxb2+ 31. Rd2 c3 32. Rxb2 cxb2 33. Bd3 Bxa3 34. d5 Bc5 35. dxe6+ Kxe6 36. Kf3 Bb6 37. Bc4+ Kd6 38. Bd3 Ke6 39. Bc4+ Kd6 40. Bd3 Ke6 41. Bc4+ Kd6 42. Bd3 1/2-1/2